| 000 | 00687nam a2200277Ia 4500 | ||
|---|---|---|---|
| 008 | 190123s9999 xx 000 0 und d | ||
| 020 | _a9780516246345 | ||
| 050 | _bJ548 2003 | ||
| 100 | _aJensen, Patricia | ||
| 245 | 4 | _aThe mess / | |
| 245 | 0 | _cby Patricia Jensen ; illustrated by Anthony Lewis. | |
| 260 | _aNew York, New York : | ||
| 260 | _bScholastic, | ||
| 260 | _c2003 | ||
| 300 | _a32 pages : | ||
| 300 | _bcolored illustrations ; | ||
| 300 | _c20cm. | ||
| 500 | _a30L | ||
| 650 | _aHygiene. | ||
| 650 | _aOrderliness. | ||
| 650 | _aParent and child. | ||
| 650 | _aPlay. | ||
| 650 | _aStories in rhyme. | ||
| 700 | _aLewis, Anthony. | ||
| 700 | _aTitle. | ||
| 999 |
_c360981 _d360981 |
||